000 00705nam a2200289Ia 4500
005 20260324144817.0
008 008 260324s9999 xx 000 0 eng d
020 _a9780203973141
037 _aEBOOK
040 _aCRL
040 _beng
040 _cCRL
041 _2eng
041 _aeng
084 _qCRL
100 _aCostis Hadjimichalis
_91220697
245 0 _aUneven Development and Regionalism
245 0 _bState, Territory and Class in Southern Europe
260 _bTaylor and Francis
260 _c1986
365 _a
365 _b150
856 _uhttp://www.taylorfrancis.com/books/9780203973141
942 _cEBOOK
999 _c1827772
_d1827772